Fundamentals Of Heat Exchanger Design (Record no. 112241)

MARC details
000 -LEADER
fixed length control field 00456nam a2200169Ia 4500
008 - FIXED-LENGTH DATA ELEMENTS--GENERAL INFORMATION
fixed length control field 230312s9999 xx 000 0 und d
041 ## - LANGUAGE CODE
Language code of text/sound track or separate title eng
082 ## - DEWEY DECIMAL CLASSIFICATION NUMBER
Classification number 621.402
Item number 621.402 SHA
100 ## - MAIN ENTRY--PERSONAL NAME
Personal name Shah R.K.
9 (RLIN) 143905
245 ## - TITLE STATEMENT
Title Fundamentals Of Heat Exchanger Design
260 ## - PUBLICATION, DISTRIBUTION, ETC. (IMPRINT)
Name of publisher, distributor, etc. John Wiley
365 ## - TRADE PRICE
Currency code Rs.
Price amount 1595.00
700 ## - ADDED ENTRY--PERSONAL NAME
Personal name SekulicD.P.
9 (RLIN) 143906
710 ## - ADDED ENTRY--CORPORATE NAME
Corporate name or jurisdiction name as entry element Shah R.K. & Sekulic D.P.
9 (RLIN) 143907
906 ## - LOCAL DATA ELEMENT F, LDF (RLIN)
b 1993.75

No items available.